[Event "BRA-ch U20"]
[Site "Florianopolis"]
[Date "2003.05.18"]
[Round "6"]
[White "Filomeno, Bruno"]
[Black "Stuani, Guido"]
[Result "1/2-1/2"]
[WhiteElo "1750"]
[BlackElo "1835"]
[PlyCount "74"]
[EventDate "2003.05.??"]
[EventType "swiss"]
[EventRounds "7"]
[EventCountry "BRA"]
[SourceTitle "EXT 2006"]
[Source "ChessBase"]
[SourceDate "2005.11.24"]
[SourceVersion "1"]
[SourceVersionDate "2005.11.24"]
[SourceQuality "1"]

1. c4 e5 2. Nc3 Nc6 3. Nf3 Bc5 4. g3 d6 5. Bg2 Bg4 6. Na4 Bb6 7. Nxb6 axb6 8. d3 h6 9. Be3 Nge7 10. Qc1 Nf5 11. a3 Nxe3 12. fxe3 0-0 13. b4 Qe7 14. h3 Bh5 15. g4 Bg6 16. e4 Nd8 17. e3 Ne6 18. Ke2 Ng5 19. Nh4 Bh7 20. Nf5 Bxf5 21. exf5 Ra7 22. h4 Nh7 23. e4 f6 24. Bf3 Rfa8 25. Ke1 Qd7 26. Bd1 c5 27. b5 Qe8 28. Ra2 Rc8 29. Rg2 Rc7 30. a4 Rf7 31. Qe3 Rc7 32. Qh3 Ra8 33. Rhg1 Kf8 34. Qf3 Qe7 35. Bb3 Ke8 36. Qe3 Kd8 37. Ra2 Ra5 1/2-1/2

[Event "BRA-ch U20"]
[Site "Florianopolis"]
[Date "2003.05.18"]
[Round "7"]
[White "Zini Bertoli, Eduardo"]
[Black "Filomeno, Bruno"]
[Result "1-0"]
[WhiteElo "1825"]
[BlackElo "1750"]
[PlyCount "79"]
[EventDate "2003.05.??"]
[EventType "swiss"]
[EventRounds "7"]
[EventCountry "BRA"]
[SourceTitle "EXT 2006"]
[Source "ChessBase"]
[SourceDate "2005.11.24"]
[SourceVersion "1"]
[SourceVersionDate "2005.11.24"]
[SourceQuality "1"]

1. d4 Nf6 2. c4 e5 3. dxe5 Ng4 4. Nf3 Nc6 5. Bf4 Bb4+ 6. Nbd2 Qe7 7. a3 Ngxe5 8. e3 Nxf3+ 9. Qxf3 Bxd2+ 10. Kxd2 d6 11. Rc1 Ne5 12. Qg3 0-0 13. c5 Re8 14. Bh6 Ng6 15. cxd6 Rd8 16. Bg5 Rxd6+ 17. Ke1 f6 18. Bc4+ Kh8 19. Bf4 Nxf4 20. Qxf4 Rc6 21. Ke2 Be6 22. Bxe6 Qxe6 23. Rhe1 Re8 24. Qd4 Rxc1 25. Rxc1 Qa6+ 26. Kf3 c6 27. Qd7 Rf8 28. Qe7 Kg8 29. Rd1 Qb5 30. Qe6+ Kh8 31. Rd7 Qh5+ 32. Qg4 Qxg4+ 33. Kxg4 f5+ 34. Kf4 Rb8 35. Kxf5 g6+ 36. Kf6 Rf8+ 37. Rf7 Re8 38. e4 c5 39. e5 b5 40. e6 1-0

[Event "BRA-ch U20"]
[Site "Florianopolis"]
[Date "2003.05.17"]
[Round "5"]
[White "Filomeno, Bruno"]
[Black "De Deus e Silva, Jean Paulo"]
[Result "1-0"]
[WhiteElo "1750"]
[BlackElo "1793"]
[PlyCount "95"]
[EventDate "2003.05.??"]
[EventType "swiss"]
[EventRounds "7"]
[EventCountry "BRA"]
[SourceTitle "EXT 2006"]
[Source "ChessBase"]
[SourceDate "2005.11.24"]
[SourceVersion "1"]
[SourceVersionDate "2005.11.24"]
[SourceQuality "1"]

1. c4 Nf6 2. Nc3 g6 3. d4 Bg7 4. e4 d6 5. Be2 Nc6 6. h3 e5 7. d5 Ne7 8. Be3 0-0 9. Nf3 Ne8 10. Rc1 f5 11. Bg5 Nf6 12. Bxf6 Rxf6 13. 0-0 f4 14. b4 h6 15. c5 g5 16. Nd2 c6 17. Nc4 cxd5 18. Nxd5 Nxd5 19. Qxd5+ Kh7 20. Nxd6 Qe7 21. Nxc8 Rxc8 22. Rfd1 Rc7 23. Rc2 Qe8 24. Qc4 Bf8 25. Rcd2 Qa4 26. Qb5 Qxb5 27. Bxb5 Rff7 28. Bc4 Rg7 29. Be6 Kg6 30. Rd8 Rge7 31. Rxf8 Rxe6 32. Rfd8 Kf7 33. R8d7+ Rxd7 34. Rxd7+ Re7 35. Rd3 Re6 36. Kf1 Ke7 37. Ke2 Ra6 38. a3 Ra4 39. Rb3 Kd7 40. Kd3 Kc6 41. Kc4 b6 42. cxb6 axb6 43. Rc3 Ra7 44. b5+ Kd6 45. Kb4 Rc7 46. Rxc7 Kxc7 47. a4 h5 48. f3 1-0

[Event "BRA-ch U20"]
[Site "Florianopolis"]
[Date "2003.05.15"]
[Round "1"]
[White "Mignoni, Yussana Caue"]
[Black "Filomeno, Bruno"]
[Result "1-0"]
[WhiteElo "1852"]
[BlackElo "1750"]
[PlyCount "59"]
[EventDate "2003.05.??"]
[EventType "swiss"]
[EventRounds "7"]
[EventCountry "BRA"]
[SourceTitle "EXT 2006"]
[Source "ChessBase"]
[SourceDate "2005.11.24"]
[SourceVersion "1"]
[SourceVersionDate "2005.11.24"]
[SourceQuality "1"]

1. e4 c5 2. Nf3 d6 3. b4 cxb4 4. a3 a6 5. d4 g6 6. axb4 Bg7 7. c3 e6 8. Bf4 Qc7 9. Qc2 Bd7 10. Na3 Nc6 11. Nb5 axb5 12. Rxa8+ Ke7 13. Qb3 Nb8 14. Bd3 Nf6 15. 0-0 Rd8 16. e5 Ne8 17. exd6+ Nxd6 18. Ne5 Bxe5 19. Bxe5 Bc6 20. Qd1 b6 21. Ra3 Qb7 22. Qg4 Ke8 23. Qh3 f5 24. Rfa1 Qf7 25. Ra7 Nb7 26. Be2 Nd7 27. Bf4 Nf6 28. Bg5 h5 29. Bf3 Rc8 30. Bxf6 1-0